[Event "ENG Online Blitz Women"]
[Site "chess.com INT"]
[Date "2020.05.16"]
[Round "1.42"]
[White "Pert, Nina"]
[Black "Varney, Zoe"]
[Result "0-1"]
[WhiteElo "1537"]
[BlackElo "1917"]
[WhiteFideId "456853"]
[BlackFideId "436135"]
[EventDate "2020.05.16"]

1. e4 e5 2. Nf3 Nc6 3. Bc4 Bc5 4. c3 Nf6 5. d4 exd4 6. cxd4 Bb4+ 7. Nc3 Nxe4 8.
O-O Bxc3 9. d5 Bf6 10. Re1 Ne7 11. Rxe4 d6 12. Bg5 Bxg5 13. Nxg5 h6 14. Qe2 hxg5
15. Re1 Be6 16. dxe6 f6 17. Re3 c6 18. Qc2 Qc7 19. Bd3 O-O-O 20. a4 d5 21. g3
Rh6 22. R3e2 g4 23. Rf1 Rdh8 24. f3 Qb6+ 25. Kh1 Qd4 26. Bf5 gxf3 27. Rxf3 Rh5
28. Bd3 Qg4 29. Rf1 Qh3 30. Rff2 Qxg3 31. Rg2 Qf3 32. Rf2 Rxh2+ 33. Kg1 Rh1# 0-1

[Event "ENG Online Blitz Women"]
[Site "chess.com INT"]
[Date "2020.05.16"]
[Round "1.43"]
[White "Varney, Zoe"]
[Black "Pert, Nina"]
[Result "0-1"]
[WhiteElo "1917"]
[BlackElo "1537"]
[WhiteFideId "436135"]
[BlackFideId "456853"]
[EventDate "2020.05.16"]

1. e4 e6 2. d4 d5 3. exd5 exd5 4. Nf3 Nc6 5. c4 Be6 6. cxd5 Bxd5 7. Nc3 Bb4 8.
Bb5 Ne7 9. Be3 Qd6 10. O-O O-O 11. Nxd5 Qxd5 12. Bxc6 Nxc6 13. a3 Be7 14. Rc1
Bf6 15. Qd3 Rad8 16. Rfd1 Rfe8 17. b4 b6 18. b5 Na5 19. Rxc7 Nb3 20. Rc3 Nxd4
21. Nxd4 Bxd4 22. Rc4 Rxe3 23. Qxd4 Qxd4 24. Rcxd4 Rxd4 25. fxe3 Rxd1+ 0-1